Countries with 2 consecutive repeating letters. - Statistics

General Stats
  • This quiz has been taken 1,926 times
    1,899 since last reset
  • The average score is 8 of 14
Answer Stats
Answer % Correct
Russia
86%
Morocco
75%
Greece
72%
Andorra
67%
Philippines
65%
Cameroon
56%
Seychelles
56%
Marshall Islands
53%
St Kitts and Nevis
53%
Guinea Bissau
47%
Sierra Leone
43%
Antigua and Barbuda
35%
Bosnia and Herzegovina
30%
East Timor
23%
No matching quizzes found
Score Distribution
Percent of People with Each Score
Percentile by Number Answered
Your Score History
You have not taken this quiz since the last reset